Karrierestationen von Fußballern #3 - Statistiken

Allgemein
  • Dieses Quiz wurde 99 mal gespielt
  • Das Durchschnittsergebnis liegt bei 14 aus 15
Antwortstatistiken
Hint Antwort % Korrekt
Santos FC, FC Barcelona, Paris Saint-Germain, Al-Hilal Neymar
100%
Malmö FF, Ajax Amsterdam, Juventus Turin, Inter Mailand, FC Barcelona, AC Mailand, Paris Saint-Germain, Manchester United, LA Galaxy, AC Mailand Zlatan Ibrahimović
99%
KRC Genk, Chelsea FC, Werder Bremen, FC Chelsea, VfL Wolfsburg, Manchester City Kevin De Bruyne
98%
AS Monaco, Paris Saint-Germain, Real Madrid Kylian Mbappe
98%
Rot Weiss Ahlen, Borussia Mönchengladbach, Borussia Dortmund, LA Galaxy Marco Reus
98%
FC Groningen, PSV Eindhoven, Chelsea FC, Real Madrid, FC Bayern München, FC Groningen Arjen Robben
96%
Olympique Lyon, Real Madrid, Al-Ittihad Karim Benzema
96%
1. FC Köln, FC Bayern München, 1. FC Köln, Arsenal FC, Inter Mailand, Arsenal FC, Galatasaray Istanbul, Vissel Kobe, Antalyaspor, Górnik Zabrze Lukas Podolski
96%
TSV Havelse, Eintracht Braunschweig II, SV Meppen, Union Saint-Gilloise, Brighton & Hove Albion, VfB Stuttgart Deniz Undav
94%
Admira Wacker, Rapid Wien, RB Leipzig, Bayern München, Manchester United, FC Bayern München, Borussia Dortmund Marcel Sabitzer
93%
Ajax Amsterdam, Juventus Turin, Bayern München, Manchester United Matthijs de Ligt
89%
Groningen, FC Southampton, Liverpool FC Virgil van Dijk
89%
Parma Calcio, Juventus Turin, Paris Saint-Germain, Juventus Turin, Parma Calcio Gianluigi Buffon
88%
Arsenal FC, West Bromwich Albion, Arsenal FC, Werder Bremen, TSG Hoffenheim, FC Bayern München Serge Gnabry
87%
Borussia Dortmund, Feyenoord Rotterdam, Borussia Dortmund, Real Madrid, Liverpool FC, Borussia Dortmund, SV Werder Bremen, Antalyaspor Nuri Sahin
79%
Keine übereinstimmenden Quizze gefunden
Verteilung der Resultate
Anzahl Personen mit jedem Resultat
Perzentil nach korrekt beantworteten Fragen
Ihre Resultats-Entwicklung
Sie haben dieses Quiz noch nicht gespielt